LEADER 01190cam0-22003731i-450- 001 990003477130403321 005 20050317162818.0 035 $a000347713 035 $aFED01000347713 035 $a(Aleph)000347713FED01 035 $a000347713 100 $a20030910d1969----km-y0itay50------ba 101 1 $aita$ceng 102 $aIT 105 $aaf------001yy 200 1 $aVelieri e cannoni d'Europa sui mari del mondo$fCarlo M. Cipolla 210 $aTorino$cUTET$d1969 215 $aVII, 169 p., 7 c. di tav.$cill.$d24 cm 225 1 $aBiblioteca di storia economica e sociale$v1 300 $aTrad. di Franco Praussello 454 0$12001$aGuns and sails in the early phase of European expansion, 1400-1700$924388 676 $a341.756 700 1$aCipolla,$bCarlo M.$f<1922-2000>$0300049 801 0$aIT$bUNINA$gRICA$2UNIMARC 901 $aBK 912 $a990003477130403321 952 $aSE 032.07.06-$b3230$fDECSE 952 $aXV C 9 (66BIS)$b113172$fFGBC 952 $aCOLLEZ. 352 (16)$b11700$fFSPBC 959 $aDECSE 959 $aFGBC 959 $aFSPBC 996 $aGuns and sails in the early phase of European expansion, 1400-1700$924388 997 $aUNINA LEADER 03414oam 22006373a 450 001 9910838240603321 005 20230105202025.0 010 $a3-657-77108-5 024 7 $a10.30965/9783657771080 035 $a(CKB)4920000000123778 035 $a(nllekb)BRILL9783657771080 035 $a(MiAaPQ)EBC6517568 035 $a(Au-PeEL)EBL6517568 035 $a(OCoLC)1243533332 035 $a(EXLCZ)994920000000123778 100 $a20111104d2011 uy 0 101 0 $ager 135 $aurun####uuuua 181 $ctxt$2rdacontent 182 $cc$2rdamedia 183 $2rdacarrier 200 10$aWanderer im nationalen Niemandsland $epolnische Ethnizita?t in Mitteldeutschland von 1880 bis zur Gegenwart /$fJohannes Frackowiak 210 1$aPaderborn :$cVerlag Ferdinand Schöningh,$d2011. 215 $a1 online resource 225 1 $aStudien zur Historischen Migrationsforschung;$vvolume24 311 $a3-506-77108-6 320 $aIncludes bibliographical references (p. 225-235) and index. 327 $tPreliminary Material -- Vorwort -- Einleitung -- Polnische Zuwanderung im Zuge der Industrialisierung des preußischen Kreises Bitterfeld -- Herausbildung einer nationalen Identität: Die polnische Herkunftsgemeinschaft um Bitterfeld 1890?1904 -- Auf dem Weg zur Assimilation? Die Bitterfelder Polonia 1905?1922 -- Zwischen zwei Vaterländern 1922?1933 -- Mitteldeutsche Polen und die deutsche ?Volksgemeinschaft? 1933?1945 -- Epilog: Remigration nach Polen und Rückkehr nach Deutschland seit 1945: Wanderer im nationalen Niemandsland? -- Zusammenfassung -- Abkürzungsverzeichnis -- Quellen- und Literaturverzeichnis -- Personenregister -- Bildnachweis. 330 $aIntegration: der Blick auf vier Generationen. Um Integrations- und Assimilationsprozesse in einem fremdnationalen und fremdkonfessionellen Umfeld geht es der Studie am Beispiel der polnischen Zuwanderer in das Bitterfelder Braunkohlen- und Industrierevier. Im Mittelpunkt stehen dabei die Hintergründe für ein Verhalten der Zuwanderer, das einerseits auf die soziale und nationale Integration im Gastland gerichtet war, andererseits aber ein Beharren auf ihrer polnischen Identität darstellte. Integration, Assimilation und nationale Identitätsbildung der Betroffenen werden dabei in einem intergenerativen Zugang über bis zu vier Generationen betrachtet. 410 0$aStudien zur Historischen Migrationsforschung;$vvolume24. 606 $aPolish people$zGermany$y19th century 606 $aPolish people$zGermany$y20th century 606 $aGermanization 606 $aAssimilation (Sociology) 606 $aEthnische Identita?t$2swd 606 $aNationalbewusstsein$2swd 606 $aAssimilation $2swd 606 $aRu?ckwanderung$2swd 607 $aBitterfeld (Germany : Landkreis) 607 $aBitterfeld $2swd 607 $aPolen $2swd 615 0$aPolish people 615 0$aPolish people 615 0$aGermanization. 615 0$aAssimilation (Sociology) 615 7$aEthnische Identita?t 615 7$aNationalbewusstsein 615 7$aAssimilation 615 7$aRu?ckwanderung 700 $aFrackowiak$b Johannes$01727787 801 0$bNL-LeKB 801 1$bNL-LeKB 906 $aBOOK 912 $a9910838240603321 996 $aWanderer im nationalen Niemandsland$94135625 997 $aUNINA LEADER 02334nas 2200673-a 450 001 996213752703316 005 20240413025226.0 035 $a(DE-599)ZDB2032419-4 035 $a(CKB)991042724237754 035 $a(CONSER)---64051733- 035 $a(EXLCZ)99991042724237754 100 $a20750205a19629999 -a- b 101 0 $aspa 181 $ctxt$2rdacontent 182 $cc$2rdamedia 183 $acr$2rdacarrier 200 10$aInforme económico /$fBanco de Venezuela 210 $a[Caracas] $cBanco Central de Venezuela 215 $a1 online resource 225 0 $3<1998-->:$aColección política y gestión 311 08$aPrint version: Informe económico / 0067-3250 (DLC) 64051733 (OCoLC)1161877 517 1 $aInforme económico, Banco Central de Venezuela 606 $aEconomic history$2fast$3(OCoLC)fst00901974 606 $aEconomic conditions$zVenezuela$2ltcsh 606 $aMoney$zVenezuela$2ltcsh 606 $aPublic finance$zVenezuela$2ltcsh 606 $aIncome and wealth$zVenezuela$2ltcsh 606 $aBANKS$2unbist 606 $aBANKING$2unbist 606 $aPUBLIC FINANCE$2unbist 606 $aECONOMIC CONDITIONS$2unbist 606 $aMONETARY POLICY$2unbist 606 $aVENEZUELA (BOLIVARIAN REPUBLIC OF)$2unbist 607 $aVenezuela$xEconomic conditions$y1958-$vPeriodicals 607 $aVenezuela$xEconomic conditions$y1958- 607 $aVenezuela$xConditions économiques$y1958- 607 $aVenezuela$xConditions économiques$y1958-$vPériodiques 607 $aVenezuela$2fast$1https://id.oclc.org/worldcat/entity/E39PBJmDpj4Bm8XF33tDc3kxDq 608 $aPeriodicals.$2fast 608 $aPeriodicals.$2lcgft 610 $aEconomic conditions --$aVenezuela --$aStatistics 610 $aFinancial statistics --$aVenezuela 615 7$aEconomic history. 615 7$aEconomic conditions 615 7$aMoney 615 7$aPublic finance 615 7$aIncome and wealth 615 17$aBANKS. 615 17$aBANKING. 615 17$aPUBLIC FINANCE. 615 17$aECONOMIC CONDITIONS. 615 17$aMONETARY POLICY. 615 17$aVENEZUELA (BOLIVARIAN REPUBLIC OF) 676 $a330.987/005 906 $aJOURNAL 912 $a996213752703316 920 $aexl_impl conversion 996 $aInforme económico$91959336 997 $aUNISA